000 01482nam0a22005051 4500
001 RU\NLR\A1SV\27936
005 20251203171251.9
035 _a(NLR Aleph) 009711875
090 _a9837356
_c9837356
100 _a19800408d1920 u y0rusy50 ca
101 1 _arus
_cfre
102 _aRU
200 1 _aКарл Маркс и Интернационал
_fДжемс Гильом
_gПер. с фр. с доп. очерком Н.К.Лебедева
210 _aПб.
_aМ.
_cГолос труда
_d1920
215 _a129, [2] с.
_d18 см
300 _aНапеч. в Петербурге
517 9 _aМаркс и Интернационал
600 1 _aМаркс
_bК.
_f1818-1883
_gКарл
620 _dСанкт-Петербург
620 _dМосква
700 1 _aГильом
_bД.
_f1844-1916
_gДжемс
_4070
702 1 _aЛебедев
_bН.К.
_f1880-1934
_gНиколай Константинович
_4070
801 0 _aRU
_bNLR
_c19800408
852 _aNLR
_jМ 20 Б-3/1
852 _aNLR
_jМ 20 Б-3/1а
899 _aБАН
899 _aГОПБ
899 _aГПИБ
899 _aLatNB
899 _aSLK
899 _aНБУВ
899 _aГАРФ
899 _aМГУ
899 _aНБЛ КГУ
899 _aСПбГУ
899 _aNLC
899 _aНБ ТГУ
899 _aНБ Бел.
899 _aLitNB
899 _aHitUL
899 _aРГБ
942 _cBOOK
980 _aNB
980 _aA1SV